|
|
|
|
| LEADER |
00000nab a2200000 a 4500 |
| 001 |
vtls008772886 |
| 003 |
SK-MaSNL |
| 005 |
20260304235241.0 |
| 008 |
250505c2006 xo |||||||||||000 b|slo |
| 015 |
|
|
|a SNBRB2006/06
|2 snkbucl
|
| 035 |
|
|
|a (uuid)eed3a088-d6f9-4db5-8898-b2d9b45ef2f2
|
| 035 |
|
|
|a urn:nbn:sk:snk-abxch
|
| 035 |
|
|
|a (urnnbn)urn:nbn:sk:snk:ar-a03r3s
|
| 038 |
|
|
|a SNKBUCL
|
| 040 |
|
|
|a SNKBUCL
|b slo
|c SNKBUCL
|e AACR2
|
| 041 |
0 |
|
|a eng
|
| 044 |
|
|
|a xo
|c SK
|
| 080 |
|
|
|a 669.715.046.5.017.3:537.856:536.421.4
|2 1997
|
| 080 |
|
|
|a 621.745
|2 1997
|
| 080 |
|
|
|a 537.856
|2 1997
|
| 080 |
|
|
|a 536.421.4
|2 1997
|
| 080 |
|
|
|a 536.76
|2 1997
|
| 100 |
1 |
|
|a Nagy, Stefan
|4 aut
|9 507242
|
| 245 |
1 |
0 |
|a Electromagnetic and thermal phenomena in the controlled phase transformation melting process
|c Stefan Nagy, Mojmír Kollár
|
| 500 |
|
|
|a Biogr. údaje
|
| 504 |
|
|
|a Bibliogr. odkazy
|
| 546 |
|
|
|a Res. angl.
|
| 650 |
0 |
7 |
|a zliatiny Al
|2 snkbucl
|9 770155
|
| 650 |
0 |
7 |
|a tavenie
|2 snkbucl
|9 50207
|
| 650 |
0 |
7 |
|a tuhnutie
|2 snkbucl
|9 998166
|
| 650 |
0 |
7 |
|a elektromagnetické pole
|2 snkbucl
|9 3502
|
| 650 |
0 |
7 |
|a vírivé prúdy
|2 snkbucl
|9 50901
|
| 650 |
0 |
7 |
|a tepelné pole
|2 snkbucl
|9 1452795
|
| 650 |
0 |
7 |
|a fázové premeny
|2 snkbucl
|9 40684
|
| 700 |
1 |
|
|a Kollár, Mojmír,
|d 1945-
|4 aut
|9 202455
|
| 773 |
0 |
|
|t Journal of electrical engineering = Elektrotechnický časopis
|g Vol. 57, no. 1 (2006), p. 36-41
|x 1335-3632
|
| 850 |
|
|
|a Slovenská národná knižnica
|
| 852 |
|
|
|a Slovenská národná knižnica
|
| 958 |
|
|
|a article27
|
| 958 |
|
|
|a NB
|
| 958 |
|
|
|a OND
|
| 958 |
|
|
|a EUIPO
|
| 999 |
|
|
|c 3208167
|d 3210097
|